| 000 | 00894 am a2200229 a 4500 | ||
|---|---|---|---|
| 005 | 20240228123123.0 | ||
| 008 | 100412s1999||||ag # f |||| 000 0 spa d | ||
| 020 | _as/n | ||
| 041 | _aspa | ||
| 092 |
_c618.9203 _l31 _sGUI |
||
| 110 | 1 |
_aHospital de Niños de Buenos Aires "Ricardo Gutierrez". _9280 |
|
| 245 |
_aGuía de diagnóstico y tratamiento. _nVol.1 Parte 2. Atención Pediátrica Primaria / _cHospital de Niños de Buenos Aires "Ricardo Gutierrez". |
||
| 250 | _a1a ed. | ||
| 260 |
_aBuenos Aires: _bAPHN; _c1999. |
||
| 300 | _a339 p. | ||
| 500 | _aHospital de Niños de Buenos Aires "Ricardo Gutiérrez". (1999). Guía de diagnóstico y tratamiento. Vol.1 Parte 2. Atención Pediátrica Primaria. (1a ed.). Buenos Aires : APHN. | ||
| 653 | _aPediatría | ||
| 653 | _aDiagnóstico y Tratamiento | ||
| 653 | _aAtención Pediátrica Primaria | ||
| 930 | _a1839 | ||
| 942 |
_2ddc _cBK |
||
| 999 |
_c247 _d247 |
||